| 000 | 02271nam a2200445 a 4500 | ||
|---|---|---|---|
| 001 | ebr10722963 | ||
| 003 | CaPaEBR | ||
| 006 | m o u | ||
| 007 | cr cn||||||||| | ||
| 008 | 121206s2013 iluc sb 001 0 eng d | ||
| 010 | _z 2012044794 | ||
| 020 | _z9780252037696 (hardcover : alk. paper) | ||
| 020 | _z9780252094958 (e-book) | ||
| 040 |
_aCaPaEBR _cCaPaEBR |
||
| 035 | _a(OCoLC)851160528 | ||
| 043 | _an-us-il | ||
| 050 | 1 | 4 |
_aE185.93.I2 _bN44 2013eb |
| 082 | 0 | 4 |
_a305.896/073077311 _223 |
| 245 | 0 | 4 |
_aThe Negro in Illinois _h[electronic resource] : _bthe WPA papers / _cedited by Brian Dolinar. |
| 260 |
_aUrbana : _bUniversity of Illinois Press, _c2013. |
||
| 300 |
_axlvi, 286 p. : _bport. |
||
| 490 | 1 | _aNew Black studies series | |
| 504 | _aIncludes bibliographical references and index. | ||
| 505 | 0 | _aFirst, the french -- Slavery -- Abolition -- The Underground Railroad -- Lincoln and the Negro -- John Brown's friend -- Leave a summer land behind -- Rising -- Churches -- Soldiers -- Business -- Work -- Iola -- The migrants keep coming -- The exodus train -- Slave market -- Professions -- Health -- Houses -- Social life and social uplift -- Recreation and sports -- Defender -- Politics -- What is Africa to me? -- And churches -- Literature -- Music -- The theatre -- Rhythm. | |
| 533 |
_aElectronic reproduction. _bPalo Alto, Calif. : _cebrary, _d2013. _nAvailable via World Wide Web. _nAccess may be limited to ebrary affiliated libraries. |
||
| 650 | 0 |
_aAfrican Americans _zIllinois _xHistory. |
|
| 650 | 0 |
_aAfrican Americans _zIllinois _xSocial conditions. |
|
| 650 | 0 |
_aAfrican Americans _zIllinois _zChicago _xHistory. |
|
| 650 | 0 |
_aAfrican Americans _zIllinois _zChicago _xSocial conditions. |
|
| 651 | 0 |
_aIllinois _xHistory. |
|
| 651 | 0 |
_aIllinois _xSocial conditions. |
|
| 651 | 0 |
_aChicago (Ill.) _xHistory. |
|
| 651 | 0 |
_aChicago (Ill.) _xSocial conditions. |
|
| 655 | 7 |
_aElectronic books. _2local |
|
| 700 | 1 | _aDolinar, Brian. | |
| 710 | 2 | _aWriters' Program of the Work Projects Administration in the State of Illinois. | |
| 710 | 2 | _aebrary, Inc. | |
| 830 | 0 | _aNew Black studies. | |
| 856 | 4 | 0 |
_uhttp://site.ebrary.com/lib/rucke/Doc?id=10722963 _zAn electronic book accessible through the World Wide Web; click to view |
| 999 |
_c154127 _d154127 |
||